000 00692nam a2200193Ii 4500
003 JO-AjNU
008 230605s9999||||xx |||||||||||||| ||und||
040 _aJO-AjNU
_bara
_erda
_cJO-AjNU
041 _aara
050 1 4 _aKMM205.Z8384.2012
100 3 _aد،م,
_eauthor
_950004
245 0 0 _aقانون التجارة رقم (12) لسنة 1966م: نظام سجل التجارة رقم _130) لسنة 1966م والقرارات التفسيرية والتمييزية
264 3 1 _aد،م: د،ن، 2012
300 _a176ص
336 _atext
_btxt
_2rdacontent
337 _aunmediated
_bn
_2rdamedia
338 _avolume
_bnc
_2rdacarrier
650 4 _aالقانون التجارى
_950005
999 _aA21999
_c25567
_d25567